[Event "Wilkerson TNM: U2000"]
[Site "San Francisco"]
[Date "2020.01.21"]
[Round "3.21"]
[White "Hack, Richard"]
[Black "Mays, Jerry L"]
[Result "0-1"]
[WhiteElo "1567"]
[BlackElo "1700"]
[Annotator "Winslow,Elliott"]
[PlyCount "84"]
[EventDate "2020.01.07"]

1. c4 g6 2. g3 Bg7 3. Nc3 c5 4. Bg2 Nc6 5. a3 Nf6 6. Nf3 O-O 7. O-O a6 8. d3
Rb8 9. Be3 d6 10. h3 b5 11. cxb5 axb5 12. Ne1 $2 (12. b4 $1 cxb4 13. axb4 Nxb4
(13... e5 14. Qd2) 14. Nd4 {keeps the balance.}) 12... Bd7 13. Rb1 b4 14. Nd5
$6 (14. axb4 $17) 14... Nxd5 15. Bxd5 bxa3 16. bxa3 Rxb1 (16... Qa5 $1 $19) 17.
Qxb1 Bxh3 $4 (17... Qc7 {jumps on the b-file for a strong initiative and
advantage.}) 18. Bxc6 Bxf1 19. Kxf1 Qc7 20. Bb5 Rb8 21. a4 $18 Qa5 22. Bd2 $4 {
White was winning if he just stepped his queen off the b-file (so that ...Qxa4
wasn't on).} Qxd2 23. Qb3 Qc1 24. Qc2 Qxc2 25. Nxc2 Bc3 26. Ne3 e6 27. Nc4 d5
28. Nd6 Be5 29. Ne8 Kf8 30. f4 Rxb5 31. axb5 Kxe8 32. fxe5 Kd7 33. g4 h6 34.
Kf2 Kc7 35. Kf3 Kb6 36. e4 d4 37. Ke2 Kxb5 38. Kd1 Kb4 39. Kc2 Ka3 40. Kc1 Kb3
41. Kd1 Kc3 42. Ke2 Kc2 0-1

[Event "Wilkerson TNM: U2000"]
[Site "San Francisco"]
[Date "2020.01.21"]
[Round "3.23"]
[White "Morgan, Jerry"]
[Black "Casares Jr, Nick"]
[Result "0-1"]
[WhiteElo "1467"]
[BlackElo "1600"]
[Annotator "Winslow,Elliott"]
[PlyCount "103"]
[EventDate "2020.01.07"]

1. f4 d5 2. Nf3 Nf6 3. e3 c5 4. b3 Nc6 5. Bb5 Bg4 6. O-O Rc8 7. Bb2 e6 8. d3
Be7 9. Nbd2 O-O 10. Bxc6 Bxf3 11. Nxf3 Rxc6 12. Ne5 Rc8 13. Qe1 Nd7 14. Ng4 Bh4
15. Qe2 Bf6 16. Nxf6+ Nxf6 17. Be5 Nd7 {[#]} 18. Bxg7 $4 {White could just
back off with a better minor piece (no outposts). But he decided to play half
of Lasker-Bauer...} Kxg7 19. Qg4+ Kh8 20. Qh5 Qf6 21. Rae1 Qg6 22. Qh4 Rg8 23.
Re2 Nf6 24. Rf3 Nh5 $6 25. Rh3 Nf6 26. Kf1 Qf5 27. Rg3 Rxg3 28. Qxg3 c4 $1 29.
bxc4 dxc4 30. e4 Qg4 (30... Qb5 $1) 31. e5 Qxg3 32. hxg3 cxd3 33. cxd3 Ng4 34.
Rd2 Rc1+ 35. Ke2 Rg1 36. Kf3 h5 37. d4 Re1 38. Re2 Rxe2 39. Kxe2 Kg7 40. Kd3 f5
41. Kc4 Ne3+ 42. Kc5 Kf7 43. Kd6 Nd5 44. a3 b5 45. Kc6 a6 (45... Nc3 $1 46. d5
exd5 47. Kd7 Ne4 48. e6+ Kg7 {(well, any king moves still wins)}) 46. Kd6 a5
47. Kc5 b4 (47... Nc3 $1 {is Zugzwang...}) 48. axb4 axb4 49. Kc4 Ke7 50. Kb3
Kd7 51. g4 hxg4 52. g3 {White resigned on move 57 or so.} 0-1

[Event "Wilkerson TNM: U2000"]
[Site "San Francisco"]
[Date "2020.01.21"]
[Round "3.24"]
[White "Carron, Joel"]
[Black "Allen, Alex"]
[Result "1-0"]
[WhiteElo "1645"]
[BlackElo "1671"]
[PlyCount "97"]
[EventDate "2020.01.07"]

1. e4 c5 2. d4 e6 3. Nf3 cxd4 4. c3 dxc3 5. Nxc3 Nc6 6. Bc4 Qc7 7. O-O Nf6 8.
Nb5 Qb8 9. e5 Nxe5 10. Bf4 Nxf3+ 11. Qxf3 d6 12. Rfd1 e5 13. Qe2 Be7 14. Bg5
O-O 15. Rac1 Bg4 16. f3 Be6 17. Bxe6 fxe6 18. Nc7 Rc8 19. Nxa8 Qxa8 20. Rxc8+
Qxc8 21. Rc1 Qd7 22. Qc4 Kf7 23. Qc8 Qxc8 24. Rxc8 Kg6 25. Bxf6 Kxf6 26. Rc7 b5
27. Rxa7 d5 28. Rb7 b4 29. Kf1 h5 30. Ra7 Bc5 31. Ra5 Bd4 32. Rb5 Bxb2 33. Rxb4
Bc3 34. Rb3 d4 35. a4 e4 36. fxe4 Ke5 37. Ke2 Kxe4 38. Ra3 d3+ 39. Kd1 Bd4 40.
a5 Ke3 41. a6 Ba7 42. Ra5 Kd4 43. Rb5 e5 44. Rb7 Bc5 45. a7 Bxa7 46. Rxa7 e4
47. Rxg7 Kc3 48. Re7 Kd4 49. Kd2 1-0

[Event "Wilkerson TNM: U2000"]
[Site "San Francisco"]
[Date "2020.01.21"]
[Round "3.25"]
[White "Tamondong, Cesar Bercilla"]
[Black "Raza, Aezed"]
[Result "0-1"]
[WhiteElo "1617"]
[BlackElo "1643"]
[Annotator "Winslow,Elliott"]
[PlyCount "86"]
[EventDate "2020.01.07"]

1. d4 d5 2. c4 e6 3. Nc3 Be7 4. Bf4 Nf6 5. e3 O-O 6. Bd3 dxc4 7. Bxc4 a6 8. a4
Nbd7 9. Nf3 Nb6 10. Bb3 Nfd5 11. Nxd5 Nxd5 12. Bg3 Bb4+ 13. Kf1 Bd6 14. Rc1 b5
15. h4 Bxg3 16. Bxd5 Qxd5 17. fxg3 Qd6 18. Qc2 bxa4 19. Qxc7 Qxc7 20. Rxc7 Rb8
21. Rc2 Bb7 22. Kf2 Be4 23. Rd2 Rfc8 24. Ra1 Rc4 25. Ng5 Bc2 26. d5 exd5 27.
Rxd5 h6 28. Nh3 Rxb2 29. Rd2 Rbb4 30. Nf4 Be4 31. Ne2 Bc6 32. Nd4 Bb5 33. g4
Rc7 34. Nf5 Rxg4 35. Rd8+ Kh7 36. Kf3 Rg6 37. g4 Rf6 38. Kg3 Rc2 39. Ra3 Rb2
40. Rc3 Bc6 41. e4 Rb3 42. Rcd3 Rxd3+ 43. Rxd3 Bxe4 {Here the remaining
scoresheet reads "44.Nd4 Rb6 45.Kf4 Bd5" and on until move 78.} 0-1

[Event "Wilkerson TNM: U2000"]
[Site "San Francisco"]
[Date "2020.01.21"]
[Round "3.26"]
[White "Hansen, Mateo Stephen"]
[Black "Rakonitz, David"]
[Result "0-1"]
[WhiteElo "1624"]
[BlackElo "1613"]
[PlyCount "72"]
[EventDate "2020.01.07"]

1. e4 e6 2. Nf3 d5 3. exd5 exd5 4. d4 Bd6 5. Bd3 Ne7 6. Ng5 h6 7. Qh5 g6 8. Qh4
Bf5 9. Nf3 Bxd3 10. Qf6 Rh7 11. cxd3 Nd7 12. Qh4 Nf5 13. Qxd8+ Kxd8 14. O-O c6
15. Bd2 Kc7 16. b4 a6 17. a4 Rhh8 18. Nc3 g5 19. h3 Rhe8 20. Rfc1 Nf6 21. g4
Ng7 22. h4 Kd7 23. hxg5 hxg5 24. Nxg5 Nxg4 25. Nxf7 Nf5 26. f3 Nxd4 27. Nxd6
Kxd6 28. Bf4+ Ne5 29. Re1 Ndxf3+ 30. Kh1 Kd7 31. Bxe5 Nxe5 32. Rad1 Rh8+ 33.
Kg2 Rag8+ 34. Kf2 Rh2+ 35. Ke3 Rg4 36. b5 d4# 0-1

[Event "Wilkerson TNM: U1600"]
[Site "San Francisco"]
[Date "2020.01.21"]
[Round "3.10"]
[White "Gimelfarb, Ilia"]
[Black "Rothman, Ivan"]
[Result "1-0"]
[WhiteElo "1599"]
[BlackElo "1487"]
[PlyCount "51"]
[EventDate "2020.01.07"]

1. e4 e5 2. Nf3 Nc6 3. Bb5 a6 4. Ba4 Nf6 5. O-O Be7 6. Re1 b5 7. Bb3 O-O 8. c3
d6 9. h3 Na5 10. Bc2 c5 11. d4 Nd7 12. Nbd2 Re8 13. Nf1 Bh4 14. Nxh4 Qxh4 15.
Ne3 Nf6 16. dxc5 dxc5 17. Nd5 Nxd5 18. exd5 Qf6 19. Qh5 g6 20. Qh6 Nb7 21. Bg5
Qd6 22. Rad1 f6 23. Bxg6 Re7 24. Bxf6 Qxf6 25. Bxh7+ Rxh7 26. Qxf6 1-0

[Event "Wilkerson TNM: U1600"]
[Site "San Francisco"]
[Date "2020.01.21"]
[Round "3.27"]
[White "Ansari, Jahaan"]
[Black "Starr, Albert Martin"]
[Result "1-0"]
[WhiteElo "1461"]
[BlackElo "1552"]
[Annotator "Winslow,Elliott"]
[PlyCount "63"]
[EventDate "2020.01.07"]

1. d4 f5 2. c4 g6 3. e3 Bg7 4. Nc3 Nf6 5. Nf3 O-O 6. b4 d6 7. Be2 b6 8. O-O c5
9. bxc5 bxc5 10. dxc5 dxc5 11. Qc2 Nbd7 12. Rd1 Qa5 13. Rb1 a6 14. Bd2 Qc7 15.
Ng5 Qa7 16. Ne6 Re8 17. Nd5 Nxd5 18. cxd5 Bf6 19. Rbc1 Nb6 20. Nxc5 Nxd5 21.
Qc4 e6 22. Bf3 Kg7 23. Bxd5 exd5 24. Qxd5 Rd8 25. Ne6+ Bxe6 26. Qxe6 Re8 27.
Qd6 Be5 28. Bc3 Bxc3 29. Rxc3 Rac8 30. Rxc8 Rxc8 31. Qd4+ Kg8 $4 32. Qxa7 1-0

[Event "Wilkerson TNM: U1600"]
[Site "San Francisco"]
[Date "2020.01.21"]
[Round "3.28"]
[White "Sachs-Weintraub, Julian"]
[Black "Simpkins, Jerry"]
[Result "1-0"]
[WhiteElo "1429"]
[BlackElo "1539"]
[Annotator "Winslow,Elliott"]
[PlyCount "77"]
[EventDate "2020.01.07"]

1. d4 e5 2. dxe5 Nc6 3. Nf3 Qe7 4. Nc3 Nxe5 5. Nxe5 Qxe5 6. g3 c6 7. Bg2 d5 8.
Bf4 Qe6 9. O-O Bd6 10. Bxd6 Qxd6 11. e4 d4 12. Ne2 c5 13. c3 d3 14. Nf4 c4 15.
b3 Be6 16. e5 Qc7 17. Nxe6 fxe6 18. bxc4 Qxc4 19. Bxb7 Rb8 20. Rb1 Ne7 21. Ba6
Rxb1 22. Bxc4 Rxd1 23. Rxd1 Kf7 24. Rxd3 Rc8 25. Bb3 Rc7 26. c4 g5 27. Rf3+ Kg7
28. Kg2 Ng6 29. Re3 Rc5 30. Rd3 Nxe5 31. Rd6 Kf6 32. Ra6 g4 $6 (32... Rc7 33.
c5 Nc6 $16) 33. Rxa7 $18 h5 34. h3 gxh3+ 35. Kxh3 Ng4 36. f4 e5 37. Ra6+ Kf5
38. fxe5 Rxe5 39. Bc2+ 1-0

[Event "Wilkerson TNM: U1600"]
[Site "San Francisco"]
[Date "2020.01.21"]
[Round "3.29"]
[White "James, Charles"]
[Black "Jade, Valerie"]
[Result "1-0"]
[WhiteElo "1404"]
[BlackElo "1532"]
[Annotator "Winslow,Elliott"]
[PlyCount "65"]
[EventDate "2020.01.07"]

1. d4 Nf6 2. c4 e6 3. Nc3 d5 4. cxd5 exd5 5. Bg5 Bb4 6. e3 c5 7. Nf3 cxd4 8.
Nxd4 O-O 9. Bd3 Nc6 10. Nxc6 bxc6 11. Rc1 Re8 12. O-O h6 13. Bh4 Bc5 14. Na4
Bb6 15. Rxc6 Bd7 16. Bxf6 gxf6 17. Rc1 (17. Nxb6 Bxc6 18. Nxa8) (17. Rd6 Qe7
18. Rxd5) 17... Rxe3 $6 {A desperation combination in a bad position, but the
it's the mule that gets hit by the kicker.} 18. Nxb6 {Good enough!} ({But} 18.
fxe3 $1 {calls the bluff:} Bxe3+ 19. Kh1 Bxc1 20. Qxc1 Bxa4 21. Qxh6 {isn't
just good -- it's mate in twelve good.} Qe8 22. Bh7+ Kh8 23. Bc2+ Kg8 24. Qh7+
Kf8 25. Qh8+ Ke7 26. Qxf6+ Kf8 (26... Kd7 27. Bxa4+ Kc7 28. Rc1+ Kb7 29. Bc6+)
27. Bxa4) 18... Rxd3 19. Qxd3 Qxb6 20. Qxd5 Rd8 21. Qf3 Qxb2 22. Rfd1 Re8 23.
Rc7 Qb4 24. h3 Re1+ 25. Rxe1 Qxe1+ 26. Kh2 Qe5+ 27. Qg3+ Qxg3+ 28. Kxg3 Be6 29.
Rxa7 Kg7 30. a4 Kg6 31. Kf4 Bd5 32. g4 h5 33. gxh5+ 1-0

[Event "Wilkerson TNM: U1600"]
[Site "San Francisco"]
[Date "2020.01.21"]
[Round "3.30"]
[White "Chan, John"]
[Black "Neugut, Eitan"]
[Result "0-1"]
[WhiteElo "1506"]
[BlackElo "1322"]
[PlyCount "66"]
[EventDate "2020.01.07"]

1. d4 d5 2. Nf3 Nf6 3. h3 e6 4. Bg5 c5 5. Bxf6 Qxf6 6. e3 a6 7. Nbd2 Nc6 8. c3
Bd6 9. e4 Qg6 10. e5 Be7 11. g3 O-O 12. Bg2 cxd4 13. O-O dxc3 14. bxc3 Qd3 15.
Qc1 f6 16. Re1 fxe5 17. Nxe5 Nxe5 18. Rxe5 Bc5 19. Nf3 Rxf3 20. Bxf3 Qxf3 21.
Qf4 Bxf2+ 22. Kf1 Qh1+ 23. Kxf2 Qxa1 24. Qa4 b5 25. Qc2 Qh1 26. Qd3 Bd7 27. Ke2
Rf8 28. Kd2 Rf3 29. Qd4 Qf1 30. Re2 Qb1 31. a3 Qb2+ 32. Ke1 Qc1+ 33. Qd1 Rf1+
0-1

[Event "Wilkerson TNM: U1600"]
[Site "San Francisco"]
[Date "2020.01.21"]
[Round "3.32"]
[White "Radaelli, Lucas"]
[Black "Bayaraa, Timothy"]
[Result "1-0"]
[WhiteElo "1411"]
[BlackElo "1193"]
[Annotator "Winslow,Elliott"]
[PlyCount "65"]
[EventDate "2020.01.07"]

1. e4 e5 2. Nf3 Nc6 3. Bb5 Bc5 4. O-O a6 5. Ba4 b5 6. Bb3 d6 7. c3 Bg4 8. h3
Bh5 9. d4 $1 exd4 10. cxd4 $2 (10. g4 $1 Bg6 11. cxd4 $16 (11. Bg5 $5)) 10...
Nxd4 $17 11. Bxf7+ $2 Kxf7 12. Ng5+ $2 {[#]} Kf8 $2 (12... Qxg5 $3 13. Qxd4
Bxd4 14. Bxg5 Bxb2) 13. Qxh5 $14 g6 14. Qg4 $2 (14. Qd1) 14... Nf6 (14... h6 $1
) 15. Ne6+ (15. Qd1 $1) 15... Nxe6 (15... Ke8 $5) 16. Qxe6 Kg7 17. Bg5 Rf8 (
17... Re8 $15) 18. Nc3 h6 (18... Qe8 $1) 19. Bh4 g5 20. Bg3 h5 $4 (20... Qe8)
21. Rae1 $16 (21. e5 $1 $18 dxe5 22. Qxe5 {Black's king will die of exposure.})
21... Nd7 $2 {[#]} (21... Qe8 {last chance!}) 22. e5 $1 dxe5 23. Bxe5+ Nxe5 24.
Qxe5+ Rf6 25. Qxg5+ Rg6 26. Qxc5 Kh6 27. Re7 Qc8 28. Qe3+ Rg5 29. h4 Qg8 30.
hxg5+ Qxg5 31. Re6+ Kh7 32. Qxg5 Rh8 33. Rh6# 1-0

[Event "Wilkerson TNM: U1600"]
[Site "San Francisco"]
[Date "2020.01.21"]
[Round "3.33"]
[White "Frank, Robert H"]
[Black "Harris, Clarence"]
[Result "0-1"]
[WhiteElo "1222"]
[BlackElo "1402"]
[Annotator "Winslow,Elliott"]
[PlyCount "56"]
[EventDate "2020.01.07"]

1. d4 d5 2. Nf3 Nc6 3. e3 Nf6 4. c4 e6 5. Nc3 Bb4 6. a3 Be7 7. cxd5 exd5 8. Bd3
O-O 9. O-O Be6 10. Bd2 Re8 11. h3 Qc8 12. Ng5 Bd7 13. Qc2 g6 14. Ne2 Bd6 15.
Nf4 Bxf4 16. exf4 Nxd4 17. Qc3 c5 18. Be3 Ne4 19. Qe1 (19. Bxe4 Ne2+) 19...
Nxg5 20. fxg5 c4 21. Bxd4 Rxe1 22. Rfxe1 cxd3 23. Rac1 Bc6 24. Re5 d2 25. Rd1
Qd7 26. Rxd2 Re8 27. Rxe8+ Qxe8 28. Bxa7 Qe1+ 0-1

[Event "Wilkerson TNM: U1600"]
[Site "San Francisco"]
[Date "2020.01.21"]
[Round "3.34"]
[White "Cole, Tony"]
[Black "Morgan, Jacob"]
[Result "0-1"]
[WhiteElo "1400"]
[BlackElo "1227"]
[Annotator "Winslow,Elliott"]
[PlyCount "72"]
[EventDate "2020.01.07"]

1. e4 c6 2. Nf3 d5 3. Nc3 dxe4 4. Nxe4 Nf6 5. Nxf6+ exf6 6. Bc4 Bd6 7. d3 O-O
8. Be3 Bg4 9. h3 Be6 10. Bxe6 fxe6 11. Qd2 Nd7 12. O-O-O Ne5 13. Nd4 Qe7 14. g4
a6 15. f4 Nd7 16. h4 c5 17. Nf3 b5 18. h5 Nb6 19. h6 g6 20. Rdg1 Nd5 21. Kb1 f5
22. Nh4 $17 Qc7 $4 23. gxf5 exf5 {[#]} 24. Nf3 $6 (24. Nxg6 $1 hxg6 25. Rxg6+
Kh8 26. h7 $1 $18) 24... Nxe3 25. Qxe3 Rfe8 26. Qf2 Bxf4 27. Nh4 Be3 28. Rxg6+
hxg6 29. Qg2 g5 $2 (29... Qf7 $1 30. h7+ (30. Nxg6 Kh7) 30... Kg7 $1) 30. Nxf5
$2 (30. Qd5+ $11) 30... Qe5 {(Score says "30...Qf5")} 31. Nxe3 Qxe3 32. Qd5+
Kh8 33. a3 Rad8 34. Qf7 Qe7 35. Qg6 Rd6 36. Qf5 Re6 {The score left a move out:
Black won after 60+ moves.} 0-1

[Event "Wilkerson TNM: U1600"]
[Site "San Francisco"]
[Date "2020.01.21"]
[Round "3.35"]
[White "Martin, Michael J"]
[Black "Chambers, Wolfe Natan"]
[Result "1-0"]
[WhiteElo "1387"]
[BlackElo "1182"]
[Annotator "Winslow,Elliott"]
[PlyCount "55"]
[EventDate "2020.01.07"]

1. e4 c5 2. Nf3 Nc6 3. d4 g6 4. c3 cxd4 5. Nxd4 Bg7 6. Be3 e6 $4 (6... Nf6 $15)
7. Bc4 $2 (7. Nb5 $16) 7... Nge7 8. Nd2 Na5 9. Be2 d5 10. b4 Nac6 11. Qc2 a6
12. O-O f5 13. exf5 exf5 14. N2f3 Ne5 15. Ng5 N7c6 16. Nde6 Bxe6 17. Nxe6 Qd7
18. Nxg7+ Qxg7 19. b5 axb5 20. Bxb5 Ra5 $4 21. Bxc6+ bxc6 22. Bd4 c5 23. Bxe5
Qxe5 24. Rfe1 Qxe1+ 25. Rxe1+ Kf7 26. Qb3 c4 27. Qb7+ Kf8 28. Qb4+ 1-0

[Event "Wilkerson TNM: U1600"]
[Site "San Francisco"]
[Date "2020.01.21"]
[Round "3.36"]
[White "Gimelfarb, Natan"]
[Black "Lintz, Michael Harry"]
[Result "1/2-1/2"]
[WhiteElo "1134"]
[BlackElo "1376"]
[Annotator "Winslow,Elliott"]
[PlyCount "114"]
[EventDate "2020.01.07"]

1. e4 e5 2. Nf3 Nc6 3. Bc4 Bc5 4. Nc3 Nf6 5. d3 O-O 6. Bg5 h6 7. Bh4 Be7 8. O-O
d6 9. h3 Na5 10. Bb3 Nxb3 11. axb3 Be6 12. d4 exd4 13. Qxd4 a6 14. e5 dxe5 15.
Qxe5 Bd6 16. Bxf6 Bxe5 17. Bxd8 Bxc3 18. bxc3 Raxd8 19. Nd4 Bd7 20. b4 Rfe8 21.
Rfb1 c6 22. c4 Re5 23. f4 Re4 24. c3 Rxf4 25. b5 c5 26. Ne2 Rxc4 27. bxa6 bxa6
28. Rxa6 Be6 29. Rc6 Rd2 30. Re1 Kh7 (30... Re4) 31. Rc7 Re4 32. Kf2 Bc4 33.
Rxc5 Rexe2+ 34. Kf1 Re5+ $4 (34... Rf2+ 35. Kg1 Rxg2+ 36. Kh1 Rh2+ 37. Kg1
Rdg2#) (34... Rxg2+ 35. Re2 (35. Rxc4 Rdf2#)) 35. Rxc4 Rxe1+ 36. Kxe1 Rxg2 37.
Rh4 Rg3 38. c4 g5 39. Rd4 Rxh3 40. Kd2 Ra3 41. c5 Ra8 42. c6 Rc8 43. Rc4 Kg6
44. Ke3 f5 45. Kf3 Kf6 46. Ke3 Ke6 47. Rc5 Rc7 48. Kf3 h5 49. Kg3 h4+ 50. Kh3
Kf6 51. Rc4 Kg6 52. Rc5 Kh5 53. Rc4 g4+ 54. Kg2 Kg5 55. Kf2 Kf6 56. Rc5 Ke6 57.
Kg2 Kf6 1/2-1/2

[Event "Wilkerson TNM: U1600"]
[Site "San Francisco"]
[Date "2020.01.21"]
[Round "3.37"]
[White "Roberts, Joseph"]
[Black "Wagner, Tyler"]
[Result "1-0"]
[WhiteElo "1358"]
[BlackElo "1050"]
[PlyCount "56"]
[EventDate "2020.01.07"]

1. e4 d5 2. exd5 Qxd5 3. Nc3 Qa5 4. d4 c6 5. Bd2 Qc7 6. Nf3 Bg4 7. Be2 Nf6 8.
h3 Bh5 9. O-O e6 10. Ne5 Bxe2 11. Qxe2 Nbd7 12. Rad1 Bd6 13. f4 Qb6 14. Bc1 Nd5
15. Nxd7 Kxd7 16. Ne4 Be7 17. c4 Nf6 18. f5 Nxe4 19. fxe6+ fxe6 20. Qxe4 Bf6
21. c5 Qb4 22. a3 Qc4 23. Bf4 Qd5 24. Qxd5+ exd5 25. Bd6 Rhe8 26. Rde1 Bxd4+
27. Kh1 Bxb2 28. Rf7+ Kd8 1-0

[Event "Wilkerson TNM: U1600"]
[Site "San Francisco"]
[Date "2020.01.21"]
[Round "3.44"]
[White "Tabatabai, Ashkon"]
[Black "Allen, Tom Carter"]
[Result "0-1"]
[WhiteElo "962"]
[BlackElo "1426"]
[PlyCount "38"]
[EventDate "2020.01.07"]

1. e4 e5 2. Nf3 Nc6 3. Nc3 Nf6 4. Nxe5 Nxe5 5. d4 Ng6 6. e5 Qe7 7. Bd3 d5 8.
Bg5 Nxe5 9. dxe5 Qxe5+ 10. Be3 d4 11. O-O dxc3 12. Re1 Be7 13. Qf3 O-O 14. Bf4
Qc5 15. Qg3 Nh5 16. Qf3 Nxf4 17. Qxf4 Bd6 18. Qe4 Qh5 19. Re3 g6 0-1

[Event "Wilkerson TNM: U1600"]
[Site "San Francisco"]
[Date "2020.01.21"]
[Round "3.45"]
[White "Dunlap, Steven"]
[Black "Sullivan, George Thomas"]
[Result "0-1"]
[WhiteElo "1037"]
[BlackElo "914"]
[PlyCount "76"]
[EventDate "2020.01.07"]

1. d4 Nf6 2. c4 e6 3. Nf3 b6 4. g3 Bb7 5. Bg2 d6 6. O-O Nbd7 7. Qb3 Rb8 8. Nc3
Be7 9. Bg5 O-O 10. Bxf6 Bxf6 11. d5 exd5 12. cxd5 Bxc3 13. bxc3 Nf6 14. Qc4 Re8
15. Ng5 Qd7 16. Qd3 h6 17. Bh3 Qe7 18. Ne6 Bxd5 19. Nf4 Bc6 20. f3 g5 21. Ng6
fxg6 22. Qc4+ Bd5 23. Qd3 Qe3+ 24. Qxe3 Rxe3 25. Rf2 Rxc3 26. e4 Bc6 27. Be6+
Kg7 28. Re1 Re8 29. e5 Rxe6 30. exf6+ Rxf6 31. Re7+ Rf7 32. Rfe2 Rcxf3 33.
Rxf7+ Kxf7 34. Rc2 Bd7 35. Rxc7 Ke6 36. Rxa7 b5 37. Ra8 Ke7 38. Rh8 Bh3 0-1

[Event "Wilkerson TNM: U1600"]
[Site "San Francisco"]
[Date "2020.01.21"]
[Round "3.46"]
[White "Nicol, George R"]
[Black "Ballantyne, Andrew"]
[Result "0-1"]
[WhiteElo "1015"]
[BlackElo "877"]
[Annotator "Winslow,Elliott"]
[PlyCount "72"]
[EventDate "2020.01.07"]

1. e4 e5 2. Nf3 Nc6 3. Bc4 Bc5 4. Nc3 Nf6 5. O-O d6 6. Ne2 $4 Nxe4 $17 7. d4
exd4 8. Nfxd4 (8. Bd5 $5 Nf6 9. Bxc6+ bxc6 10. Nexd4 O-O) 8... Nxd4 9. Nxd4 d5
10. Bb3 Qf6 11. c3 $2 (11. Bxd5 Bxd4 12. Bxe4 O-O $11) 11... c6 12. Bc2 (12. f3
Ng5 13. Re1+ Ne6) 12... O-O $1 13. Qd3 Qg6 (13... Bd6) (13... Qh4) 14. f3 Bh3
$4 (14... Nd6 $1 $17) (14... Bf5 $5 15. fxe4 $6 Bxe4 {wins}) 15. Qe2 $1 $18 Ng3
$5 {[#] A confusion inducement:} 16. Bxg6 $4 (16. hxg3 $18) 16... Nxe2+ 17. Kf2
Nxc1 (17... Nxd4 $1 {is best (although all those captures win)}) (17... fxg6) (
17... Bxd4+) (17... hxg6) (17... Rfe8) 18. Raxc1 Bxd4+ (18... hxg6 19. gxh3
Rfe8) 19. cxd4 Bxg2 20. Bxh7+ Kxh7 21. Kxg2 {Black is still winning, although
it could take a lot of work.} Rfe8 22. Kg3 Re2 23. Rf2 Rae8 24. b4 R8e6 25.
Rxe2 Rxe2 26. a4 Rb2 27. b5 cxb5 28. Rc5 bxa4 29. Rxd5 (29. Ra5) 29... b5 30.
Rd7 a3 31. Rxa7 b4 32. d5 Rd2 (32... a2 33. d6 Rd2) 33. Ra4 {[#]} b3 $4 (33...
a2 $1 {is the proper order to advance connected passed pawns here, and THEN ...
b3, b2, QUEEN.}) 34. Rxa3 b2 35. Ra2 $4 (35. Rb3 $11) 35... b1=Q 36. Rxd2 Qe1+
0-1